Statistiques concernant Quiz sur la Pologne

Cliquez ici pour prendre le quiz!

Statistiques générales

  • Ce quiz a été pris 6 369 fois
  • Le résultat moyen est 9 sur 20

Statistiques - réponses

QuestionRéponse% Correct
Capitale et plus grande villeVarsovie
99%
Deuxième plus grande villeCracovie
81%
Pologne, en polonaisPolska
78%
Mer au nord de la PologneMer Baltique
75%
Scientifique qui devint la première
femme lauréate du Prix Nobel
Marie Curie
(née Skłodowska)
70%
Seul Pape polonais de l'HistoireJean-Paul II
60%
Scientifique à qui l'on attribue le
modèle héliocentrique moderne
Nicolas Copernic
50%
Réalisateur controversé ayant
notamment signé « Le Pianiste »
Roman Polanski
49%
Ancienne ville libre autrefois
appelée « Dantzig » en français
Gdańsk
46%
Devise monétaireZłoty
43%
Pianiste de la période romantique
ayant composé la « Valse Minute »
Frédéric Chopin
40%
Pays avec lequel la Pologne
s'est unie à Lublin en 1569
Grand-Duché
de {Lituanie}
35%
Dirigeant de cette organisation et
président de la Pologne (1990 - 1995)
Lech Wałęsa
27%
Plus long fleuveVistule
27%
Fédération de syndicats qui
s'est opposée aux soviétiques
Solidarność
26%
Nommez l'un des 2 fleuves qui dessinent
la frontière entre la Pologne et l'Allemagne
Oder
24%
Ravioles farcies typiquement polonaisesPierogi
22%
Nom donné à cette fédérationRépublique des
{Deux} {Nations}
19%
Chef-lieu de la SilésieKatowice
18%
Espèce de bovidés qui s'est éteinte
dans une forêt de Pologne en 1627
Aurochs
16%

Distribution des résultats

Percentile par nombre de réponses

% des personnes avec chaque résultat

Votre développement - résultats

Vous n’avez pas pris ce quiz